US States in Multiple Time Zones Quiz Stats

 Plays Quiz Updated Feb 18, 2019

     
Support Sporcle.
Go Orange.
Score 0/13 Timer 02:00
0 Plays Today
State % Correct
Texas
90.8%
Tennessee
76.3%
Kentucky
75.5%
Indiana
74%
Kansas
70.3%
Michigan
70%
North Dakota
68.9%
Nebraska
68.5%
South Dakota
68.3%
Alaska
68.2%
Idaho
64.4%
Florida
56.6%
Oregon
34.4%

From the Vault

A-Z Typing Blitz

by goc3

This quiz may be a little different than what Mavis Beacon taught you.
Remove Ads.
Support Sporcle.
Get the best of Sporcle when you Go Orange. This ad-free experience offers more features, more stats, and more fun while also helping to support Sporcle. Thank you for becoming a member.

Show Comments

Extras

Top Quizzes Today


Score Distribution

Your Account Isn't Verified!

In order to create a playlist on Sporcle, you need to verify the email address you used during registration. Go to your Sporcle Settings to finish the process.

Report this User

Report this user for behavior that violates our Community Guidelines.

Details: